|
|
|
|
| LEADER |
00000nam0a2200000 4500 |
| 001 |
234518 |
| 005 |
20231101231329.0 |
| 035 |
|
|
|a (RuTPU)RU\TPU\book\255642
|
| 090 |
|
|
|a 234518
|
| 100 |
|
|
|a 20130326d1909 k y0rusy50 ca
|
| 101 |
0 |
|
|a rus
|
| 102 |
|
|
|a RU
|
| 105 |
|
|
|a a z 000zy
|
| 200 |
1 |
|
|a Общий курс кристаллографии
|f сост. С. Ф. Глинка
|
| 205 |
|
|
|a 3-е изд., испр. и доп.
|
| 210 |
|
|
|a Санкт-Петербург
|c Типо-Литография Шредера
|d 1909
|
| 215 |
|
|
|a 265 с.
|c ил.
|
| 300 |
|
|
|a В дореволюционной орфографии.
|
| 606 |
1 |
|
|a Кристаллография
|2 stltpush
|3 (RuTPU)RU\TPU\subj\16322
|9 42433
|
| 610 |
1 |
|
|a формы
|
| 610 |
1 |
|
|a комбинации
|
| 610 |
1 |
|
|a системы
|
| 610 |
1 |
|
|a кубические системы
|
| 610 |
1 |
|
|a двойниковые кристаллы
|
| 610 |
1 |
|
|a несовершенство
|
| 675 |
|
|
|a 548
|v 3
|
| 702 |
|
1 |
|a Глинка
|b С. Ф.
|c минералог
|c доктор минералогии и геологии, заслуженный профессор Московского университета
|f 1855-1933
|g Сергей Фёдорович
|2 stltpush
|3 (RuTPU)RU\TPU\pers\38742
|4 220
|9 20875
|
| 801 |
|
1 |
|a RU
|b 63413507
|c 20130326
|
| 801 |
|
2 |
|a RU
|b 63413507
|c 20170622
|g RCR
|
| 942 |
|
|
|c BK
|